Estadísticas para Futebol | Campeoes Mundiais

Haz click aquí para intentar la prueba.

Estadísticas generales

  • Esta prueba ha sido intentada 51 veces
  • La puntuación promedio es 17 de 21

Estadísticas de respuestas

AnoOrganizadorCampeao% Correcto
1930UruguaiUruguai
98%
1934ItaliaItalia
93%
1994EUABrasil
89%
1970MexicoBrasil
89%
2014BrasilAlemanha
87%
1974AlemanhaAlemanha
87%
1958Uniao SovieticaBrasil
87%
1962ChileBrasil
87%
1998FrancaFranca
87%
1966InglaterraInglaterra
87%
2006AlemanhaItalia
87%
1978ArgentinaArgentina
85%
2002Coreia-JapaoBrasil
85%
1990ItaliaAlemanha
83%
2010Africa do SulEspanha
83%
1982EspanhaItalia
83%
1950BrasilUruguai
83%
1986MexicoArgentina
80%
1938FrancaItalia
76%
1954SuicaAlemanha
74%
2018RussiaPortugal
4%

Distribución de puntuación

Porcentaje por número respondido

Porcentaje de gente con cada puntuación

Historial de tus puntuaciones

No has intentado esta prueba.